000
00326 a2200157 4500
001
165234
020
_a
040
_c
Magnum
100
_a
Cunha, Leo
240
1
0
_a
O inventor de brincadeiras
_l
por
245
1
0
_a
O inventor de brincadeiras
362
0
_a
1899
440
1
_a
Dimensão
697
_a
IJ/GERAL
942
_c
BK
999
_c
165234
_d
165234